|
|
|
|
| LEADER |
00000cam a2200000 7i4500 |
| 001 |
0000007055 |
| 005 |
20241206.0 |
| 008 |
240902 my a eng |
| 022 |
|
|
|a 13941406
|
| 040 |
|
|
|a INS
|b eng
|e rda
|
| 090 |
0 |
0 |
|a RHD890.6.A2
|b .M35 1999
|
| 110 |
1 |
|
|a Malaysia. Kementerian Kewangan
|
| 245 |
1 |
0 |
|a Laporan Pasaran Harta 1999=Property Market Report 1999
|c Jabatan Penilaian dan Perkhidmatan Harta
|
| 264 |
|
1 |
|a Kuala Lumpur :
|b Jabatan Penilaian dan Perkhidmatan Harta
|
| 264 |
|
4 |
|c ©2000
|
| 300 |
|
|
|a xcv, 694 pages :
|b colour illustrations ;
|c 27 cm.
|
| 336 |
|
|
|a text
|2 rdacontent
|
| 337 |
|
|
|a unmediated
|2 rdamedia
|
| 338 |
|
|
|a volume
|2 rdacarrier
|
| 650 |
|
0 |
|a Property
|z Malaysia
|v Periodicals
|
| 650 |
|
0 |
|a Real estate business
|z Malaysia
|v Periodicals
|
| 710 |
2 |
|
|a Jabatan Penilaian dan Perkhidmatan Harta ,
|c Kementerian Kewangan Malaysia
|
| 999 |
|
|
|a 0000007751
|b BOOK
|c Red Spot
|e Default branch
|
| 999 |
|
|
|a 0000007752
|b BOOK
|c Red Spot
|e Default branch
|
| 999 |
|
|
|a 0000014619
|b BOOK
|c Red Spot
|e Default branch
|
| 999 |
|
|
|a 0000014620
|b BOOK
|c Red Spot
|e Default branch
|
| 999 |
|
|
|a 0000019403
|b BOOK
|c Red Spot
|e Default branch
|
| 999 |
|
|
|a SER0007523
|b BOOK
|c Open Shelf
|e Default branch
|